Meilleures nations en sports collectifs. - Statistiques

Statistiques générales
  • Ce quiz a été pris 53 586 fois
    50 564 depuis la dernière actualisation
  • Le résultat moyen est 14 sur 20
Statistiques - réponses
Football Rugby Basketball Handball Volleyball Nation Moyenne % Correct
3 4 4 3 4 France 3,6
98%
9 10 15 16 2 Italie 10,4
94%
16 15 1 26 5 États-Unis 12,6
92%
7 32 10 7 3 Brésil 11,8
84%
28 24 5 40 10 Canada 21,4
82%
8 22 35 40 15 Belgique 24
79%
19 13 22 28 7 Japon 17,8
78%
2 6 8 20 8 Argentine 8,8
77%
14 38 31 40 32 Mexique 31
74%
1 14 7 18 36 Espagne 15,2
73%
5 20 47 4 23 Portugal 19,8
72%
10 35 2 6 11 Allemagne 12,8
72%
33 29 19 25 1 Pologne 21,4
70%
25 7 6 40 33 Australie 22,2
65%
40 30 40 14 42 Suède 33,2
59%
6 26 54 12 20 Pays Bas 23,6
54%
11 41 34 2 39 Croatie 25,4
53%
36 68 3 40 13 Serbie 32
49%
51 81 14 13 6 Slovénie 33
40%
44 34 23 19 18 Tchéquie 27,6
33%
Aucun quiz correspondant
Distribution des résultats
% des personnes avec chaque résultat
Percentile par nombre de réponses
Votre historique - résultats
Vous n’avez pas pris ce quiz depuis la dernière actualisation